Il mistero delle sabbie mobili /

Gespeichert in:
Bibliographische Detailangaben
1. Verfasser: Roy, Ron, (1940) (Verfasst von)
Weitere Verfasser: Gurney, John Steven, Ponti, Barbara
Format: Buch
Sprache:Italienisch
Veröffentlicht: Casale Monferrato : Piemme junior, 2004
Schriftenreihe:Il battello a vapore. Piccoli investigatori ; 11
Tags: Tag hinzufügen
Keine Tags, Fügen Sie das erste Tag hinzu!

MARC

LEADER 00000nam a2200000 i 4500
001 IT\ICCU\TSA\0699787
003 ItRI
005 20240918102328.0
008 040601s2004 it |||||| ||||| |||||c
020 |a 8838468141 
020 |a 9788838468148 (4. ed.) 
040 |b ita  |c CDM 
041 7 |a ita  |2 ISO-639-2 
082 |a 813.54  |2 21 
100 1 |a Roy, Ron,  |d  (1940)  |0 IT\ICCU\RAVV\269464  |4 aut 
240 1 4 |a The quicksand question  |9 Roy, Ron <1940> 
245 1 3 |a Il mistero delle sabbie mobili /  |c Ron Roy ; traduzione di Barbara Ponti ; illustrazioni di John Steven Gurney. 
260 |a Casale Monferrato :  |b Piemme junior,  |c 2004 
300 |a 74 p. :  |b ill. ;  |c 20 cm. 
700 1 |a Gurney, John Steven  |0 IT\ICCU\RAVV\269467 
700 1 |a Ponti, Barbara  |0 IT\ICCU\TO0V\342326 
830 3 |a Il battello a vapore. Piccoli investigatori ;  |v 11  |0 IT\ICCU\RAV\0817752 
942 |2 ddc  |c BK 
952 |0 0  |1 0  |2 ddc  |4 0  |6 813_540000000000000_ROY_MIS  |7 1  |9 1987  |a RA  |b RA  |d 2024-09-18  |l 0  |o 813.54 ROY MIS  |p 9585  |r 2024-09-18 10:23:55  |w 2024-09-18  |y BK  |z Sezione ragazz3 
981 1 |6 z01  |a i   |b xxxe  
982 1 |6 z01  |a n 
999 |c 1765  |d 1765